| 000 | 00000nam 2200000zi 4500 |
| 001 | 9.954374 |
| 003 | CaOODSP |
| 005 | 20250821105942 |
| 006 | m o d f |
| 007 | cr |n |||||||| |
| 008 | 250821e197912##onc ob f001 0 fre d |
| 040 | |aCaOODSP|bfre|erda|cCaOODSP |
| 041 | |aeng|afre |
| 043 | |an-cn--- |
| 086 | 1 |aM40-70/1979-PDF |
| 245 | 00|aCatalogue of open files of the Geological Survey of Canada = |bCatalogue des dossiers publics de la Commission Géologique du Canada. |
| 246 | 11|aCatalogue des dossiers publics de la Commission Géologique du Canada. |
| 246 | 14|aCatalogue des dossiers publics |
| 264 | 1|a[Ottawa] : |bCommission géologique du Canada = Geological Survey of Canada, |cdécembre 1979. |
| 300 | |a1 ressource en ligne (34 pages) |
| 336 | |atexte|btxt|2rdacontent/fre |
| 337 | |ainformatique|bc|2rdamedia/fre |
| 338 | |aressource en ligne|bcr|2rdacarrier/fre |
| 500 | |aÉdition numérisée de l'imprimé [par Ressources naturels Canada]. |
| 500 | |aComprend des indexes. |
| 546 | |aTexte en français et en anglais. |
| 650 | 6|aGéologie|zCanada|vBibliographies. |
| 655 | 7|aBibliographies|2lcgft |
| 710 | 2 |aCommission géologique du Canada, |eorganisme de publication. |
| 710 | 1 |aCanada. |bÉnergie, mines et ressources Canada, |eorganisme de publication. |
| 788 | |tCatalogue of open files of the Geological Survey of Canada = |eeng|w(CaOODSP)9.954369 |
| 856 | 40|qPDF|s6230 Ko|uhttps://publications.gc.ca/collections/collection_2025/rncan-nrcan/M40-70-1979.pdf |